| 000 | 00363nam a22001457a 4500 | ||
|---|---|---|---|
| 003 | MACL | ||
| 005 | 20200123165251.0 | ||
| 008 | 200123b xxu||||| |||| 00| 0 eng d | ||
| 040 | _cMACL | ||
| 100 |
_anagendra Jaya S. _977925 |
||
| 245 | _aA Brief History of Languages | ||
| 260 |
_aDelhi _bAtlantic Pub _c2018 |
||
| 650 |
_aLanguage _977926 |
||
| 942 |
_2ddc _cBK |
||
| 999 |
_c61872 _d61872 |
||